000 007520000a22002170004500
003 LK-CoMWRAF
005 20230921124415.0
008 230817t1994 ||||| |||| 00| 0 eng d
020 _a1565640821
040 _aLK-CoMWRAF
_dLK-CoMWRAF
_eLK-CoMWRAF
041 _aeng
082 _a340.59
_bNYA
100 _aNyazee, Imran Ahsan Khan
245 _aTheories of Islamic Law:
_bThe Methodology of Ijtihad
260 _aIslamabad:
_bInternational Institute of Islamic Thought and Islamic Research Institute,
_c1994
300 _avii, 344 p. ; 25 cm.
_bbibliography, index and glossary included
490 _aPerspective on Islamic Thought -3
650 _aIJTIHAD(ISLAMIC LAW)
650 _a Islamic law--Interpretation and construction.
942 _cBK
999 _c3181
_d3181